Die besten 20 Torhüter der letzten 35 Jahre - Statistiken

Allgemein
  • Dieses Quiz wurde 751 mal gespielt
  • Das Durchschnittsergebnis liegt bei 9 aus 20
Antwortstatistiken
Hint Antwort % Korrekt
Deutschland Manuel Neuer
98%
Italien Gianluigi Buffon
95%
Deutschland Oliver Kahn
88%
Spanien Iker Casillas
87%
Dänemark Peter Schmeichel
81%
Belgien Thibaut Courtois
71%
Niederlande Edwin van der Sar
60%
Tschechische Republik Petr Cech
60%
Frankreich Hugo Lloris
58%
Slowenien Jan Oblak
50%
Brasilien Nelson Dida
35%
Spanien Víctor Valdés
31%
Frankreich Fabien Barthez
30%
England David Seaman
20%
Paraguay José Luis Chilavert
12%
Brasilien Cláudio Taffarel
10%
Belgien Michel Preudhomme
7%
Portugal Vítor Baía
6%
Italien Walter Zenga
4%
Spanien Andoni Zubizarreta
3%
Keine übereinstimmenden Quizze gefunden
Verteilung der Resultate
Anzahl Personen mit jedem Resultat
Perzentil nach korrekt beantworteten Fragen
Ihre Resultats-Entwicklung
Sie haben dieses Quiz noch nicht gespielt